LEADER 02430nam 22004935 450 001 996466663103316 005 20220203235858.0 010 $a3-540-35922-2 024 7 $a10.1007/BFb0082437 035 $a(CKB)1000000000438718 035 $a(DE-He213)978-3-540-35922-7 035 $a(MiAaPQ)EBC6842858 035 $a(Au-PeEL)EBL6842858 035 $a(OCoLC)1113066296 035 $a(PPN)155179934 035 $a(EXLCZ)991000000000438718 100 $a20100730d1968 u| 0 101 0 $afre 135 $aurnn|008mamaa 181 $ctxt$2rdacontent 182 $cc$2rdamedia 183 $acr$2rdacarrier 200 10$aCategories Confibrees Additives et Complexe Cotangent Relatif$b[electronic resource] /$fby Alexandre Grothendieck 205 $a1st ed. 1968. 210 1$aBerlin, Heidelberg :$cSpringer Berlin Heidelberg :$cImprint: Springer,$d1968. 215 $a1 online resource (IV, 172 p.) 225 1 $aLecture Notes in Mathematics,$x0075-8434 ;$v79 311 $a0-387-04248-2 311 $a3-540-04248-2 327 $aCatégories cofibrées additives -- Catégories cofibrées exactes à gauche -- Complexe typique LX. d'un objet de E. Procomplexe typique LE. de E -- Le proobjet NE et l'homorphisme caractéristique d'un objet de E -- Cas d'une catégorie cofibrée exacte à gauche -- Catégories cofibrées définies par des complexes de chaînes, et théorèmes de représentabilité -- Application aux extensions de faisceaux d'anneaux -- Application aux ?variations infinitésimales? de faisceaux d'algèbres -- Propriétés générales du complexe cotangent relatif -- Suites exactes de transitivité -- Complexe cotangent relatif et relèvement infinitésimal de morphismes de topos annelés. Application aux morphismes formellement nets -- Applications du complexe cotangent relatif, et problèmes ouverts. 410 0$aLecture Notes in Mathematics,$x0075-8434 ;$v79 606 $aAlgebra 606 $aAlgebra$3https://scigraph.springernature.com/ontologies/product-market-codes/M11000 615 0$aAlgebra. 615 14$aAlgebra. 676 $a512 700 $aGrothendieck$b Alexandre$4aut$4http://id.loc.gov/vocabulary/relators/aut$041901 801 0$bMiAaPQ 801 1$bMiAaPQ 801 2$bMiAaPQ 906 $aBOOK 912 $a996466663103316 996 $aCategories Confibrees Additives et Complexe Cotangent Relatif$92830154 997 $aUNISA